000 00290nam a2200121Ia 4500
008 240731s9999 xx 000 0 und d
022 _a2000-4508
245 0 _aEducation Inquiry
260 _bRoutledge
856 _uhttps://www.tandfonline.com/loi/zedu20
942 _2ddc
942 _cTFEJ
999 _c76360
_d76360
945 _a1
_bMadushi Gamage
_c1
_dMadushi Gamage